लोड हो रहा है...
\
| मुख्य लेखक: | |
|---|---|
| स्वरूप: | Printed Book |
| प्रकाशित: |
Allyn and Bacon , Inc, Boston
2002
|
| LEADER | 00317nam a2200109 4500 | ||
|---|---|---|---|
| 082 | |||
| 100 | |a Christopher R Harris | ||
| 245 | |a \ |c Christopher R Harris | ||
| 260 | |a Allyn and Bacon , Inc, Boston |c 2002 | ||
| 942 | |c BK | ||
| 999 | |c 197511 |d 197511 | ||
| 952 | |0 0 |1 0 |4 0 |7 0 |9 210860 |a DCI |b DCI |d 2019-10-29 |l 0 |p DCI4232 |r 2019-10-29 |w 2019-10-29 |y BK | ||